[Event "DSJ Weihnachtsturnier U16: Lasker 2020"]
[Site ""]
[Date "2020.12.28"]
[Round "7"]
[White "Schiebeck, Matteo"]
[Black "Döding, Alexander"]
[Result "1/2-1/2"]
[Termination "normal"]
[Board "14.4"]
[WhiteElo "960"]
[BlackElo "990"]
[WhiteTeam "SC 1951 Nordhausen"]
[BlackTeam "Rhedaer Schachverein von 1931"]
[PlyCount "98"]
[BlackFideId "34614940"]
[EventRounds "7"]
[EventType "team-swiss"]
[EventDate "2020.12.28"]

1. e4 {[%emt 0:00:14]} e5 {[%emt 0:01:04]} 2. Nf3 {[%emt 0:00:05]} Nf6 { [%emt
0:00:08]} 3. Nc3 {[%emt 0:00:09]} Bb4 {[%emt 0:00:22]} 4. a3 {[%emt 0:00:08]}
Bxc3 {[%emt 0:00:04]} 5. dxc3 {[%emt 0:00:04]} d6 {[%emt 0:00:02]} 6. Bb5+
{[%emt 0:00:13]} c6 {[%emt 0:00:06]} 7. Bc4 {[%emt 0:00:18]} d5 {[%emt 0:00:19]
} 8. exd5 {[%emt 0:00:16]} cxd5 {[%emt 0:00:04]} 9. Bb5+ {[%emt 0:00:07]} Bd7 {
[%emt 0:00:04]} 10. Bxd7+ {[%emt 0:00:07]} Nbxd7 {[%emt 0:00:02]} 11. O-O {
[%emt 0:00:09]} O-O {[%emt 0:00:04]} 12. Re1 {[%emt 0:00:19]} Re8 {[%emt
0:00:05]} 13. Bg5 {[%emt 0:00:07]} h6 {[%emt 0:00:15]} 14. Bh4 {[%emt 0:00:04]}
e4 { [%emt 0:00:18]} 15. Nd4 {[%emt 0:00:16]} a5 {[%emt 0:00:22]} 16. b3 {[%emt
0:00:28]} Qc7 {[%emt 0:00:39]} 17. Nb5 {[%emt 0:00:30]} Qb6 {[%emt 0:00:17]}
18. a4 {[%emt 0:00:13]} Rac8 {[%emt 0:01:02]} 19. Qd2 {[%emt 0:00:19]} Ne5 {
[%emt 0:00:32]} 20. Bxf6 {[%emt 0:00:23]} Qxf6 {[%emt 0:00:12]} 21. Qxd5 {
[%emt 0:00:09]} Ng4 {[%emt 0:00:21]} 22. Re2 {[%emt 0:00:26]} Qh4 {[%emt
0:00:46]} 23. h3 {[%emt 0:00:06]} Nf6 {[%emt 0:00:06]} 24. Qd4 {[%emt 0:00:12]}
Red8 {[%emt 0:00:12]} 25. Qe3 {[%emt 0:00:28]} Nd5 {[%emt 0:00:42]} 26. Qxe4 {
[%emt 0:01:06]} Qxe4 {[%emt 0:00:06]} 27. Rxe4 {[%emt 0:00:05]} Nxc3 {[%emt
0:00:03]} 28. Nxc3 {[%emt 0:00:09]} Rxc3 {[%emt 0:00:03]} 29. Re7 {[%emt
0:00:30] } Rxc2 {[%emt 0:00:24]} 30. Rxb7 {[%emt 0:00:06]} Rdd2 {[%emt
0:00:04]} 31. Rb8+ {[%emt 0:00:17]} Kh7 {[%emt 0:00:03]} 32. Rf1 {[%emt
0:00:11]} Rb2 { [%emt 0:00:14]} 33. Rb7 {[%emt 0:00:08]} f6 {[%emt 0:00:14]}
34. Rb5 {[%emt 0:00:09]} Rd4 {[%emt 0:00:23] RhedaerSV004 offers a draw} 35.
Rxa5 {[%emt 0:00:18]} Rxb3 {[%emt 0:00:02]} 36. Ra6 {[%emt 0:00:11]} Ra3 {[%emt
0:00:04]} 37. a5 {[%emt 0:00:07]} Rda4 {[%emt 0:00:02]} 38. Rd1 {[%emt
0:00:27]} Rxa5 {[%emt 0:00:03]} 39. Rxa5 {[%emt 0:00:05]} Rxa5 {[%emt 0:00:02]}
40. Kh2 {[%emt 0:00:06] } Ra2 {[%emt 0:00:02]} 41. Kg3 {[%emt 0:00:03]} Kg6
{[%emt 0:00:03]} 42. f3 { [%emt 0:00:06]} f5 {[%emt 0:00:05]} 43. f4 {[%emt
0:00:07]} h5 {[%emt 0:00:05]} 44. h4 {[%emt 0:00:08]} Ra3+ {[%emt 0:00:04]} 45.
Kf2 {[%emt 0:00:07]} Ra2+ { [%emt 0:00:03]} 46. Kf1 {[%emt 0:00:10]} Ra4 {[%emt
0:00:04]} 47. g3 {[%emt 0:00:05]} Ra2 {[%emt 0:00:06]} 48. Rd6+ {[%emt
0:00:08]} Kf7 {[%emt 0:00:04]} 49. Rd7+ {[%emt 0:00:06]} Kg6 {[%emt 0:00:05]
Nordhaus004 offers a draw} 1/2-1/2